1476 1748 1088 1002 1354 1297 1936 1851 1549 1882 1664 1566 1876 1633 1982 1442 1731 1896 1473 1148 1019 1109 1122 1187 1545 1134 1480 1871 1161 1507 1016 1600 1139 1567 1393 1440 1160 1367 1510 1955 1623 1263 1789 1460 1639 1092 1916 1402 1188 1668 1684 1994 1658 1128 1915 1223 1171 1641 1622 1910 1066 1916 1694 1038 1286 1463 1815 1816 1818 1641 1025 1270 1352 1156 1011 1233 1067 1060 1466 1644 1805 1724 1565 1092 1482 1115 1598 1705 1297 1924 1928 1387 1306 1757 1547 1525 1508 1972 1788 BCNSPRNW ULIB Ver.6.0+V

เปลี่ยนเป็นภาษาไทย

Change to English
 แสดงรายละเอียดบรรณานุกรม
  กลับหน้าหลัก

Brief Record : Get Marc (ISO 2709) : E-mail record : QR code < ปิดหน้าต่าง
LEADER : 00000nam 2200000uu 4500
001    13399112243
003     ULIB
008    110627s2551||||th 000 0 tha d
020    9789741619177
090    นว.^bม577B 2551
100 0  มิ้นตี้
245 00 Be careful ภารกิจลับทะลวงใจ/^cมิ้นตี้
250    พิมพ์ครั้งที่ 1
260    กรุงเทพฯ :^bแจ่มใส,^c2551
300    201 หน้า
710 1  แจ่มใส
945    ^p149^l0^i024470
995    ทศพร
999 ^a ใช้งานได้ทุกระบบ
รายการนี้ยังไม่มีแท็ก
คุณยังไม่ได้ล็อกอิน คุณสามารถมีกิจกรรมร่วมกับเว็บไซต์ได้ แต่ต้องล็อกอินก่อน ::
  ล็อกอิน

รายการสื่อสารสนเทศ

ลำดับที่ ประเภท เลขเรียก/บาร์โค้ด สถานที่ สถานะ
- ไม่พบข้อมูล -

รายการใกล้เคียง
    ผู้แต่ง [มิ้นตี้]

BibComment


ยังไม่เคยถูกคอมเมนท์

คอมเมนท์ทรัพยากรรายการนี้
  คอมเมนท์: Be careful ภารกิจ..


 Copyright 2026. Bcnsprnw @Library